000 00570nam a2200217Ia 4500
003 OSt
005 20220926033934.0
006 a|||||r|||| 00| 0
007 ta
008 220923b |||||||| |||| 00| 0 eng d
037 _cGeneral Book
040 _aRTL
_cRTL
_beng
041 _2eng
_aeng
082 _aX:54p1,N64, K8
100 _aShah Manubhai
245 0 _aDeveloping countries and UNCTAD
260 _aVora
_bBombay
_c1968
300 _a99p
_ccm.
942 _hX:54p1,N64, K8
_cGB
_2CC
999 _c658369
_d658369